01011nam a2200205 a 450000100100000000500170001000800410002704000250006808200150009324501230010825000110023126000490024230000360029170000550032770000460038295201130042895201190054195201280066099900170078800004541120250204073952.0150306s2013 dr 000 0 spa d aDO-SdBNPbspacBNPHU axxxxbxxxx00aJuan Pablo Duarte :bescritos /crecopilados por el Dr. Mariano Lebron Saviñon ; prólogo Pedro Troncoso Sánchez. a5a ed. aSanto Domingo :bInstituto Duartiano,c2013. a129 p. :bil., retrs. ;c21 cm.12aLebrón Saviñon, Marianod1922-2014erec.9722712aTroncoso Sánchez, Pdro,epról.973456 0010718PDaPDbPDcHDd2015-03-06iLF1l0oxxxx xxxxp45411-10r2020-06-25w2020-06-25yLFPDZNo se presta 0010718PDaPDbPDcHDd2015-04-21iLF1l0oxxxx xxxxp45411-20r2020-06-25te. 2w2020-06-25yLFPDZNo se presta 001054708DSaPDbPDcHDd2015-04-21iLF1l0oxxxx xxxxp45411-30r2020-06-25te. 3w2020-06-25yLFDSZPréstamo en sala c44900d44900